000 00515 a2200157 4500
020 _a007113767X (paperback)
020 _a9780071137676 (paperback)
090 _c4644
_d4644
100 1 _aWerther.
245 1 0 _aStudy guide :
_bsg human resource & person mgmt S/c /
_cWerther.
250 _a4th edition ed.
260 _a[S.l.] :
_bMcGraw-Hill Inc.,US,
_c1993.
300 _a1 v. (unpaged)
856 4 0 _3Amazon.com
_uhttp://www.amazon.com/exec/obidos/ASIN/007113767X/chopaconline-20
942 _aNBS
_cBK
_k658.3 STE
999 _c347081
_d347081